01469nam a2200253 a 450000100100000000500170001000800410002704000250006809000160009310000270010924500550013626000540019130000210024549000720026650000780033859000750041683000790049195201780057095201170074895201170086595201050098295201110108799900170119800003523820200930074210.0111026s1971 mx 000 0 spa d aDO-SdBNPbspacBNPHU axxxxbH462f1 aHegel, G. W. F.96099610aFenomenología del espíritu. /cG. W. F. Hegel. aMéxico, :bFondo de cultura económica,c1971. a483 p. ;c21 cm.1 aSección de obras de folosofía, colección de textos clásicos aPrimera reimpresión de la primera edición en español del año 1966 aPerteneció a la biblioteca personal de Juan Isidro Jimenes Grullón 0aSección de obras de folosofía, colección de textos clásicos960997 001050718MOaGRbGRcCTd2011-10-26iLF1l0o p35238-10r2020-06-25w2020-06-25y1zPerteneció a la biblioteca personal de Juan Isidro Jimenes Grullón.ZNo se presta 001054708MOaGRbGRcCTd2011-10-26iLF1l0o p35239-30r2020-06-25te. 3w2020-06-25y4ZPréstamo en sala 001054708MOaGRbGRcCTd2011-10-26iLF1l0o p35239-40r2020-06-25te. 4w2020-06-25y4ZPréstamo en sala 001050718MOaPDbPDcHDd2011-10-26iLF1l0o p35239-10r2020-06-25w2020-06-25y1ZNo se presta 001050718MOaPDbPDcCTd2011-10-26iLF1l0o p35239-20r2020-06-25te. 2w2020-06-25y1ZNo se presta c34729d34729